Statistics for Top 10 Countries By Working Hours

Click here to take the quiz!

General Stats

  • This quiz has been taken 22 times
  • The average score is 13 of 20

Answer Stats

ID1870Country% Correct
18703,168France
95%
18703,284Germany
90%
18703,096United States
90%
18703,000Italy
86%
18703,434Denmark
81%
20172,255Mexico
81%
18703,436Sweden
76%
18703,483Belgium
71%
18703,274Netherlands
71%
20172,238Singapore
67%
18703,195Switzerland
67%
20172,185Thailand
67%
18703,108Ireland
62%
20172,232Bangladesh
57%
20172,238Malaysia
52%
20172,438Myanmar
52%
20172,456Cambodia
48%
20172,209South Africa
48%
20172,186Hong Kong
24%
20172,212Costa Rica
14%

Score Distribution

Percentile by Number Answered

Percent of People with Each Score

Your Score History

You have not taken this quiz